Statistics for Ring of Countries Puzzle #2

Click here to take the quiz!

General Stats

  • This quiz has been taken 159 times
    (53 since last reset)
  • The average score is 11 of 16

Answer Stats

Answer % Correct
India
89%
Slovenia
89%
Indonesia
87%
Slovakia
87%
Estonia
81%
Germany
74%
Netherlands
74%
Nepal
72%
Lithuania
70%
Liberia
68%
Libya
66%
Liechtenstein
62%
New Zealand
62%
Eswatini
55%
East Timor
53%
Georgia
51%

Score Distribution

Percentile by Number Answered

Percent of People with Each Score

Your Score History

You have not taken this quiz since the last reset